000 00948cam a2200241 4500
001 J126706
008 000000n2003 000 0 eng u
035 _a(Sirsi) u126706
041 _aeng
050 _a692.8
_c18
110 _aJoint Contracts Tribunal
_93664
245 _aStandard form of measured term contract 1998 edition. Amendment 4 and guidance note issued July 2003 : Construction Skills Certification Scheme
260 _aLondon
_bRIBA Publications
_c2003
300 _a4p. ; 30cm.
490 _aJCT Standard Form of Measured Term Contract 1998 Edition
650 _aBUILT ENVIRONMENT-BUILDING CONTRACT FORMS
650 _aMEASURED TERM CONTRACT
650 _aCONSTRUCTION SKILLS CERTIFICATION SCHEME
650 _aMTC 1998
650 _aBUILT ENVIRONMENT-BUILDING CONTRACT FORMS-STANDARD FORMS OF BUILDING CONTRACT-JOINT CONTRACTS TRIBNUAL CONTRACTS
690 _aBUILT ENVIRONMENT-BUILDING CONTRACT FORMS
942 _n0
999 _c103637
_d103637